| 000 | 01696nam0a2200337 i 4500 | ||
|---|---|---|---|
| 001 | RU\NLR\BIBL_A\011251639 | ||
| 005 | 20260408155829.0 | ||
| 010 |
_a9785919513360 _9100 |
||
| 021 |
_aRU _b2016-76756 _94994 |
||
| 035 | _a(NILC)RuMoRGB-008641693 | ||
| 035 | _a(NLR Aleph) 011251639 | ||
| 090 |
_a12170383 _c12170383 |
||
| 100 | _a20161021d2016 um y0rusy50 ca | ||
| 101 | 0 | _arus | |
| 102 | _aRU | ||
| 105 | _aac||z|||000zb | ||
| 200 | 1 |
_aДневник, дневниковые записи и воспоминания советской девушки, насильственно угнанной во время Второй мировой войны на принудительные работы в Германию _f[текст: А.Е. Улановская _gпредисл., послесл., авт.-сост. Т. Е. Улановская] |
|
| 210 |
_aРостов-на-Дону _cАльтаир _d2016 |
||
| 215 |
_a243 с. _cил., цв. ил., портр., факс. _d30 |
||
| 300 | _aАвт. указан в тексте предисл. | ||
| 606 |
_aНесовершеннолетние, бывшие узники концлагерей, гетто и других мест принудительного содержания _jДневники _91222838 _3RU\NLR\AUTH\66179552 |
||
| 675 | _a94(47) | ||
| 686 | 1 | _aТ3(2)722.825,013 | |
| 686 | 1 | _aЦ35(2)722,013 | |
| 700 | 1 |
_aУлановская _bА. Е. _gАнтонина Емельяновна |
|
| 702 | 1 |
_aУлановская _bТ. Е. _gТамара Емельяновна _4220 |
|
| 801 | 0 |
_aRU _bРГБ _c20161007 _gRCR |
|
| 942 | _cBOOK | ||
| 980 | _aNBR | ||